[Event "40th Pan-American U20"]
[Site "El Salvador ESA"]
[Date "2015.07.20"]
[Round "7.13"]
[White "Hernandez, Diego"]
[Black "Ulloa, Ruben Guillermo"]
[Result "1-0"]
[WhiteElo "1950"]
[BlackElo "2016"]
[EventDate "2015.07.16"]
[PlyCount "74"]

1.e4 c6 2.d4 d5 3.e5 Bf5 4.Nc3 e6 5.g4 Bg6 6.Nge2 c5 7.h4 h5 8.Nf4 Nc6 9.
Nxg6 fxg6 10.Bb5 cxd4 11.Qxd4 Ne7 12.Bg5 Qc7 13.f4 hxg4 14.Qg1 a6 15.Bd3 
Nf5 16.Qxg4 Bb4 17.O-O-O Bxc3 18.bxc3 Qa5 19.Bf6 Qa3+ 20.Kb1 Kd7 21.Qxg6 
Nfe7 22.Bxe7 Nxe7 23.Qg3 Rac8 24.Qe3 Rc6 25.Qd4 Kc7 26.Ka1 Rc5 27.Qb4 
Qxc3+ 28.Qxc3 Rxc3 29.Rdg1 g6 30.Kb2 d4 31.Bxg6 Rf3 32.Bd3 Rxf4 33.h5 Nf5 
34.Rg6 Nh4 35.Rg5 Nf3 36.Rg7+ Kd8 37.Rxb7 Nxe5 1-0

[Event "40th Pan-American U20"]
[Site "El Salvador ESA"]
[Date "2015.07.20"]
[Round "7.14"]
[White "Santos, Oliver"]
[Black "Munoz, Randall"]
[Result "1-0"]
[WhiteElo "1690"]
[BlackElo "1706"]
[EventDate "2015.07.16"]
[PlyCount "61"]

1.e4 c5 2.d4 e6 3.d5 exd5 4.exd5 d6 5.Nf3 g6 6.Bd3 Bg7 7.O-O Ne7 8.Re1 O-O
9.c4 Bg4 10.Nbd2 Nd7 11.h3 Bf5 12.Ne4 Ne5 13.Nxe5 Bxe5 14.Nxc5 Qc8 15.Ne4 
Bxh3 16.gxh3 Qxh3 17.Ng5 Qh2+ 18.Kf1 Nf5 19.Bxf5 gxf5 20.Qf3 Rac8 21.Qg2 
Qxg2+ 22.Kxg2 Rxc4 23.Nf3 Bf6 24.Bh6 Rfc8 25.Rac1 Rg4+ 26.Kh3 Rb8 27.Rg1 
Rxg1 28.Rxg1+ Kh8 29.b3 Rc8 30.Ng5 Rc3+ 31.Kh4 1-0

[Event "40th Pan-American U20"]
[Site "El Salvador ESA"]
[Date "2015.07.20"]
[Round "7.15"]
[White "Ruballo, Jose"]
[Black "Johnson, Joshua"]
[Result "0-1"]
[WhiteElo "1662"]
[BlackElo "2211"]
[EventDate "2015.07.16"]
[PlyCount "74"]

1.e4 c5 2.Nf3 d6 3.d4 cxd4 4.Nxd4 Nf6 5.Nc3 g6 6.Be3 Bg7 7.f3 O-O 8.Bc4 
Nc6 9.Qd2 Bd7 10.O-O-O Rb8 11.h4 b5 12.Bxb5 Nxd4 13.Bxd7 Nxc2 14.Qxc2 Nxd7
15.h5 Bxc3 16.bxc3 Qa5 17.Kd2 Ne5 18.Ke2 Rfc8 19.Rb1 Rb4 20.Bd2 Ra4 21.Ra1
Qb5+ 22.Ke3 d5 23.Rhb1 Qa6 24.Qb3 Ng4+ 25.Kf4 Nf6 26.Qb5 Nxh5+ 27.Ke3 Qxb5
28.Rxb5 dxe4 29.fxe4 Nf6 30.Kf4 Nxe4 31.Ke3 Nxc3 32.Rb2 Nd5+ 33.Ke2 Nf4+ 
34.Bxf4 Rxf4 35.Ke3 Ra4 36.Rb7 Rc3+ 37.Kd2 Rca3 0-1

[Event "40th Pan-American U20"]
[Site "El Salvador ESA"]
[Date "2015.07.20"]
[Round "7.19"]
[White "Valencia, Oscar"]
[Black "Lemus, Hector"]
[Result "1-0"]
[WhiteElo "1728"]
[BlackElo "1616"]
[EventDate "2015.07.16"]
[PlyCount "75"]

1.d4 d5 2.Nf3 c6 3.c4 e6 4.Nc3 Nf6 5.Bf4 Bb4 6.Qc2 O-O 7.e3 Bd7 8.Bd3 Re8 
9.O-O Be7 10.c5 Na6 11.Be5 Nb4 12.Qd2 Nxd3 13.Qxd3 b6 14.b4 a5 15.a3 Kh8 
16.Ng5 Kg8 17.Bxf6 Bxf6 18.Qxh7+ Kf8 19.Nf3 Ke7 20.Qc2 Rh8 21.cxb6 Qxb6 
22.Na4 Qb5 23.Rab1 axb4 24.Rxb4 Qa5 25.Rfb1 Rhg8 26.Nb6 Rad8 27.Ra4 Qxa4 
28.Qxa4 Rb8 29.Qa7 Rbd8 30.Nxd7 Rxd7 31.Qc5+ Ke8 32.Qxc6 Ke7 33.Qc5+ Ke8 
34.Rb8+ Rd8 35.Qc6+ Ke7 36.Qc7+ Rd7 37.Qc5+ Rd6 38.Rb7+ 1-0